000 00617nam a2200205 a 4500
001 000006414
005 20200929153928.0
008 810413s1995 sp 000 0 spa d
020 _a8474441587
040 _aDO-SdBNP
_bspa
_cBNPHU
082 _a863.44
_bM778f
100 1 _aMontero, Rosa,
_d1951-
_915063
245 1 3 _aLa función delta /
_cRosa Montero.
250 _a12a. ed.
260 _aMadrid, España :
_bDebate,
_c1995.
300 _a369 p. ;
_c22 cm.
500 _aIncluye datos biográficos del autor en la solapa de la cubierta
650 4 _aNovela española
_91123
650 4 _aLiteratura española
_9632
999 _c6209
_d6209